Derechos de los inmigrantes / (Record no. 181987)

MARC details
000 -CABECERA
campo de control de longitud fija 00743nam a2200229 u 4500
005 - FECHA Y HORA DE LA ÚLTIMA TRANSACCIÓN
campo de control 20221124063626.0
008 - ELEMENTOS DE LONGITUD FIJA--INFORMACIÓN GENERAL
campo de control de longitud fija 160428s2015 r 000 0 eng d
020 ## - NÚMERO INTERNACIONAL NORMALIZADO PARA LIBROS
Número Internacional Estándar del Libro 9786079419448
035 ## - NÚMERO DE CONTROL DEL SISTEMA
Número de control de sistema UPN01000209886
049 ## - COLECCIÓN
Colección CG
050 #4 - SIGNATURA TOPOGRÁFICA DE LA BIBLIOTECA DEL CONGRESO
Número de clasificación JC599 M6
Número de documento/Ítem G6.2 2015
100 1# - ASIENTO PRINCIPAL--NOMBRE PERSONAL
Nombre de persona González Martín, Nuria
9 (RLIN) 38769
245 10 - MENCIÓN DE TÍTULO
Título Derechos de los inmigrantes /
Mención de responsabilidad, etc. Nuria González Martín.
250 ## - MENCIÓN DE EDICIÓN
Mención de edición 3a ed.
260 ## - PUBLICACIÓN, DISTRIBUCIÓN, ETC.
Lugar de publicación, distribución, etc. México :
Nombre del editor, distribuidor, etc. INEHRM :
-- UNAM, Instituto de Investigaciones Jurídicas,
Fecha de publicación, distribución, etc. 2015.
300 ## - DESCRIPCIÓN FÍSICA
Extensión xxi, 57 p. :
Otras características físicas cuadros
440 #0 - MENCIÓN DE SERIE/ASIENTO SECUNDARIO--TÍTULO
Título Biblioteca constitucional.
Nombre de parte o sección de la obra Nuestros derechos
650 #4 - ASIENTO SECUNDARIO DE MATERIA - TERMINO TEMATICO
Término de materia o nombre geográfico como elemento de entrada Derechos humanos
Subdivisión geográfica México
9 (RLIN) 5183
651 #4 - ASIENTO SECUNDARIO DE MATERIA - NOMBRE GEOGRAFICO
Nombre geográfico México
Subdivisión general Emigración e inmigración
9 (RLIN) 7931
905 ## - TIPO DE MATERIAL
Tipo de material Libro
Holdings
Estado de retiro Estado de pérdida Fuente del sistema de clasificación o colocación Estado dañado No para préstamo Código de colección Localización permanente Ubicación/localización actual Ubicación en estantería Total de préstamos Clasificación Código de barras Fecha visto por última vez Número de copia Tipo de ítem Koha
    Library of Congress Classification     Colección General Bib. Gregorio Torres Quintero Bib. Gregorio Torres Quintero Planta baja   JC599 M6 G6.2 2015 310151 31/12/2020 1 Libro